000 00492nam a2200169Ia 4500
008 210210b2003 xxu||||| |||| 00| 0 eng d
020 _a81 7648 439 3
082 _a305.4 KRUW
100 _aKRUPALINI (H S)
245 _aWomen in a developing country: aspirations and perceptions.
260 _aNew Delhi
_bNot Mentioned
_c2003
300 _aviii,256
650 _aWomen Woman Family Marriage Education Employment
690 _aWomen
700 _aBHAT (Vighnesh N).
906 _a061332
999 _c108395
_d108395